000 00746nam a2200229 a 4500
001 000010298
005 20240412074216.0
008 091006s1983 dr a r 001 p spa d
040 _aDO-SdBNP
_bspa
_cBNPHU
082 _aRD861.44
_bH671q
100 1 _aHirujo H., Apolinar
_925313
245 1 0 _aQue siempre soltero sea :
_bdécimas /
_cApolinar Hirujo H. ; prólogo Jorge Sosa.
260 _aSanto Domingo :
_bImpresos de Calidad,
_c1983.
300 _a115 p. :
_bil., retrs. ;
_c21 cm.
490 1 _aLlanera
590 _aInventariado, 2018/BT
650 0 _aPoesía dominicana
_966
650 0 _aLiteratura dominicana.
_967
700 1 2 _aSosa, Jorge,
_epról.
_925314
830 0 _aLlanera
_925315
910 _aValidado. Control de calidad. MFF
999 _c10057
_d10057